| 000 | 00777nam a2200277Ia 4500 | ||
|---|---|---|---|
| 003 | OSt | ||
| 005 | 20221006153050.0 | ||
| 006 | a|||||r|||| 00| 0 | ||
| 007 | ta | ||
| 008 | 221006b |||||||| |||| 00| 0 kor d | ||
| 020 | _cW15,000 | ||
| 024 | _a31,183 | ||
| 037 |
_bGift, Korea Foundation _cTextual |
||
| 040 |
_aEASL _cEASL _bkor |
||
| 041 |
_2kor _akor |
||
| 082 | _aT:3(F), 495P1 | ||
| 100 |
_aRYU Chang Yeol _9662370 |
||
| 245 | 0 | _aGisulkyoyukwonron (Foundation of technology education) | |
| 260 |
_aChungnam _bChungnam University Korea _c2001 |
||
| 300 |
_a418p. _ccm. |
||
| 490 | _v KL | ||
| 650 | _a Technology | ||
| 650 | _aKL | ||
| 942 |
_hT:3(F), 495P1 _cTEXL _2CC |
||
| 999 |
_c1099269 _d1099269 |
||